[Event "3rd Dvoretsky Memorial 2021"]
[Site "Moscow"]
[Date "2021.02.10"]
[Round "4.4"]
[White "Grachev, Boris"]
[Black "Esipenko, Andrey"]
[Result "1/2-1/2"]
[WhiteElo "2619"]
[BlackElo "2677"]
[Annotator "TA"]
[PlyCount "128"]
[EventDate "2021.02.10"]
[EventType "tourn"]
[EventCountry "RUS"]
[Tiebreak "Koya+Number of wins"]
[SourceTitle "playchess.com"]
[Source "ChessBase"]
[SourceQuality "1"]

{[%evp 15,128,3,23,16,18,16,27,-28,-23,-43,-33,-56,-56,-62,-54,-57,-39,-51,-51,
-27,16,0,0,-9,-2,-54,-14,-33,-37,-39,-27,-30,-27,-47,-50,-41,0,-47,-45,-45,-52,
-45,-52,-56,-35,-35,-27,-35,-37,-39,-15,-15,-15,-76,-49,-76,-76,-76,-76,-76,
-76,-76,-64,-76,-76,-76,-57,-57,-57,-76,-76,-76,-76,-96,-96,-96,-96,-96,-42,
-96,-96,-140,0,-96,-96,-96,-80,-80,-80,-80,-8,-74,-8,-8,-8,-8,-8,-8,-8,-8,-8,
-8,0,0,0,-8,0,-8,0,-8,-8,-8,-8,-8,0]} 1. d4 Nf6 2. c4 e6 3. Nf3 d5 4. g3 dxc4
5. Qa4+ Nbd7 6. Qxc4 a6 7. Bg2 c5 8. Qc2 b5 9. Ne5 {E03: Open Catalan: 5 Qa4+
Nbd7 6 Qxc4.} Nd5 $1 10. Nxd7 Bxd7 11. dxc5 (11. Bxd5 $142 exd5 12. dxc5) 11...
Rc8 $11 12. O-O Bxc5 {[#]} 13. Qb3 $146 ({Predecessor:} 13. Qd1 O-O 14. Nd2 Bc6
15. Nb3 Bb6 16. Bd2 a5 17. Nc1 Ne7 18. Bf4 Bxg2 19. Kxg2 {0-1 (36) Deac,B 
(2594)-Adams,M (2712) Douglas 2018}) 13... O-O 14. Nd2 {[%cal Bb1d2,Bd2e4,
Be4g5][%mdl 32]} a5 15. a3 a4 16. Qd3 Qb6 17. Ne4 Bd4 18. Ng5 {[%csl Gg5][%cal
Rd3h7]} Nf6 19. Nf3 Bc5 20. Bg5 (20. Ne5 $11 Rfd8 21. b4) 20... Rfd8 21. Bxf6
gxf6 22. Qe4 Be7 23. Qg4+ Kh8 24. Rac1 b4 25. axb4 Bxb4 26. Qd4 Qxd4 27. Nxd4
Bc5 28. Nc6 Bxc6 29. Rxc5 Bxg2 {[%mdl 64] Discovered Attack} 30. Rxc8 Rxc8 31.
Kxg2 $15 {[%mdl 4096] Endgame KR-KR} Rc2 32. Ra1 Rxe2 33. Rxa4 Rxb2 34. Kf3 (
34. Rf4 $11 {keeps the balance.}) 34... f5 35. Kg2 Kg7 36. Kf3 Kg6 37. Kg2 Rb1
38. Ra8 Rb4 39. Kf3 Rb3+ 40. Kg2 Rd3 41. Rg8+ Kf6 42. Rh8 {[#]} Kg7 $1 {
[%cal Rg7h8]} 43. Re8 Rd4 44. f4 Rd2+ 45. Kh3 Re2 46. Rb8 Kg6 (46... Rc2 $17)
47. Rg8+ $1 {[#]} Kh6 $1 48. Rf8 Kg7 49. Rb8 Rf2 50. Ra8 h5 51. Rb8 h4 52. Ra8
Re2 ({Better is} 52... Kf6 $17) 53. Rb8 (53. gxh4 $11 {remains equal.} Re3+ 54.
Kg2) 53... f6 (53... hxg3 $17 {Strongly threatening ...g2.} 54. hxg3 Kf6) 54.
Rb7+ $11 {The position is equal.} Kg6 {Black wants to play ...hxg3.} 55. Rb6 $1
hxg3 56. hxg3 Kf7 57. Rb7+ Ke8 58. Rb8+ Kd7 59. Rb7+ Ke8 60. Rb8+ Kf7 61. Rb7+
Kg6 {With the idea ...e5.} 62. Rb6 $1 Re3 63. Ra6 Kh5 64. Rb6 Kg6 {Weighted
Error Value: White=0.11/Black=0.13} 1/2-1/2

[Event "3rd Dvoretsky Memorial 2021"]
[Site "Moscow"]
[Date "2021.02.10"]
[Round "4.5"]
[White "Inarkiev, Ernesto"]
[Black "Gunina, Valentina"]
[Result "1-0"]
[WhiteElo "2654"]
[BlackElo "2427"]
[Annotator "TA"]
[PlyCount "73"]
[EventDate "2021.02.10"]
[EventType "tourn"]
[EventCountry "RUS"]
[Tiebreak "Koya+Number of wins"]
[SourceTitle "playchess.com"]
[Source "ChessBase"]
[SourceQuality "1"]

{[%evp 9,73,4,23,12,16,6,27,22,18,20,22,15,23,16,29,29,30,28,43,27,29,18,38,25,
56,22,27,18,35,33,57,57,45,51,78,72,96,50,46,49,238,258,536,357,413,414,384,
292,282,300,296,303,294,290,318,283,388,304,380,381,436,372,29988,29989,29989,
29990]} 1. d4 d5 2. Nf3 Nf6 3. Bf4 c5 4. e3 Nc6 5. Nbd2 cxd4 6. exd4 {D02: 1
d4 d5 2 Nf3 sidelines, including 2...Nf6 3 g3 and 2...Nf6 3 Bf4.} Bf5 7. c3 e6
8. Qb3 {White has an edge.} Qc8 {8...Bd6 deserves study.} 9. Nh4 Be4 10. Nxe4
Nxe4 11. Bd3 Bd6 12. Be3 O-O {[#]} 13. g3 $146 ({Predecessor:} 13. O-O Qc7 14.
g3 Rac8 15. Rae1 Be7 16. Bf4 Nd6 17. Nf3 Qd8 18. h4 Nc4 19. Qc2 {1-0 (27)
Lorparizangeneh,S (2486)-Afshari,M (2105) Sari 2018}) 13... f5 14. f3 Nf6 15.
Qc2 Rb8 16. O-O b5 17. Qe2 b4 18. c4 f4 19. Bf2 dxc4 20. Bxc4 Nd5 21. Rfe1 Rf6
22. Rac1 Qb7 23. Qxe6+ {[%mdl 64] [#] Remove Defender} Rxe6 24. Bxd5 {[%mdl 64]
Pin, Discovered Attack} Qb5 $2 {This move loses the game for Black.} 25. Bxe6+
$18 Kf8 $2 (25... Kh8 {was worth a try.} 26. Bd7 Qg5) 26. Bd7 fxg3 27. hxg3 Qg5
28. f4 (28. Bxc6 Bxg3 29. Bxg3 Qxg3+ 30. Ng2 g6 $18) 28... Bxf4 29. Rc5 (29.
Rxc6 Bxg3 30. Nf3 Qf4 $18) 29... Ne5 30. Rcxe5 ({Don't take} 30. dxe5 $6 Bxg3
31. Bxg3 (31. Nf3 Qf4 $16) 31... Qxg3+ 32. Ng2 g6 $18) 30... Bxe5 31. Nf3 ({
Don't play} 31. dxe5 $6 Ke7 $18) ({Not} 31. Rxe5 Qc1+ 32. Re1 Qxb2 $14) 31...
Qg6 32. Nxe5 Qc2 33. Be6 {[#] Strongly threatening Nd7+.} Rd8 34. d5 g5 35. Bd4
{Threatens to win with Rf1+.} Qd2 $2 (35... Rd6 $18 36. Bxa7 Ke8) 36. Rf1+ Ke8
37. Bc5 {[%csl Gc5][%cal Rf1f8] Weighted Error Value: White=0.19/Black=0.65}
1-0

[Event "3rd Dvoretsky Memorial 2021"]
[Site "Moscow"]
[Date "2021.02.10"]
[Round "5.1"]
[White "Gunina, Valentina"]
[Black "Zvjaginsev, Vadim"]
[Result "0-1"]
[WhiteElo "2427"]
[BlackElo "2614"]
[Annotator "TA"]
[PlyCount "50"]
[EventDate "2021.02.10"]
[EventType "tourn"]
[EventCountry "RUS"]
[Tiebreak "Koya+Number of wins"]
[SourceTitle "playchess.com"]
[Source "ChessBase"]
[SourceQuality "1"]

{[%evp 16,50,22,16,26,7,19,-46,-38,-33,-25,-43,-13,-36,-46,-97,-105,-129,-131,
-200,-202,-209,-218,-295,-288,-325,-341,-418,-422,-473,-467,-533,-564,-741,
-737,-890,-886]} 1. d4 d6 2. c4 e5 3. e3 Nf6 4. Nc3 Nbd7 5. Nf3 g6 6. Be2 Bg7
7. O-O O-O 8. b4 exd4 9. exd4 d5 {E61: King's Indian: Early deviations for
White, including Smyslov System.} 10. c5 a5 11. Qb3 ({White should play} 11. b5
$11) 11... axb4 $15 {Black is slightly better.} 12. Qxb4 {[#]} c6 $146 ({
Predecessor:} 12... Ne4 13. Bb2 Re8 14. Rfe1 Nb8 15. Bb5 Bd7 16. Bxd7 Qxd7 17.
Qb3 Nc6 18. Qxd5 Qxd5 19. Nxd5 Nxc5 20. Rxe8+ Rxe8 21. Nxc7 {0-1 (38) Neuman,P
(2403)-Simacek,P (2411) Czechia 2002}) 13. Bf4 Qa5 14. Qxa5 Rxa5 15. Rfc1 (15.
Be3 $15) 15... Ne4 $17 16. Bc7 Ra8 17. Nd1 {[#]} (17. Nxe4 $17 dxe4 18. Ne5)
17... Re8 $1 $19 18. Bf1 Nf8 19. Bf4 Ne6 20. Be3 f5 21. g3 g5 22. Bd3 {Black
is clearly winning.} f4 23. gxf4 gxf4 24. Bd2 Nxd4 {[%mdl 64] [#] Overworked
Piece} 25. Nxd4 Nxd2 {White got outplayed after the opening.  Weighted Error
Value: White=0.51/Black=0.03} 0-1

[Event "3rd Dvoretsky Memorial 2021"]
[Site "Moscow"]
[Date "2021.02.10"]
[Round "5.2"]
[White "Esipenko, Andrey"]
[Black "Inarkiev, Ernesto"]
[Result "1/2-1/2"]
[WhiteElo "2677"]
[BlackElo "2654"]
[Annotator "TA"]
[PlyCount "110"]
[EventDate "2021.02.10"]
[EventType "tourn"]
[EventCountry "RUS"]
[Tiebreak "Koya+Number of wins"]
[SourceTitle "playchess.com"]
[Source "ChessBase"]
[SourceQuality "1"]

{[%evp 9,110,-8,4,-31,-23,-36,-32,-49,-47,-47,-7,-39,-9,-19,25,22,35,41,45,54,
53,51,52,45,49,43,49,47,46,43,43,39,102,11,9,4,46,35,14,37,23,15,32,50,36,51,
188,142,151,142,145,140,127,96,97,137,158,12,14,17,22,0,9,8,20,9,9,11,35,0,0,
-21,0,-210,-199,-187,-195,-195,-160,-168,-24,-33,0,0,0,0,0,0,0,0,0,0,0,0,0,0,0,
0,0,0,0,0,0]} 1. d4 d5 2. Nc3 Nf6 3. Bf4 a6 4. e3 e6 5. g4 h6 {[#]} 6. h3 $146
{D00: 1 d4 d5: Unusual lines.} ({Predecessor:} 6. h4 c5 7. Qf3 Nc6 8. O-O-O Qa5
9. Kb1 Nd7 10. g5 cxd4 11. exd4 hxg5 12. hxg5 Rxh1 13. Qxh1 {0-1 (49)
Alekseenko,K (2563)-Sjugirov,S (2650) Sochi 2017}) 6... c5 7. Nf3 b5 8. Ne5 {
Black is slightly better.} Bb7 9. Bg2 Bd6 10. Ne2 Qc7 11. c3 g5 12. Bg3 Ne4 13.
Bxe4 dxe4 14. h4 $1 {[%cal Rh4g5]} f6 15. Ng6 Rg8 16. h5 Nd7 17. a4 Kf7 18. O-O
Bd5 19. Bxd6 Qxd6 20. Ng3 Rgc8 (20... Qc6 $14) 21. axb5 ({White should play} 
21. Qc2 $16) 21... axb5 $11 22. Rxa8 Bxa8 (22... Rxa8 {seems wilder.} 23. Qc2
Qc6 24. Rc1 Ke8 25. Re1 Ra2) 23. dxc5 (23. Qb1 {feels hotter.} cxd4 24. cxd4
Bd5 25. Nxe4 Qc6 26. f3) 23... Qxd1 24. Rxd1 Nxc5 25. Ra1 {Ra7+ is the strong
threat.} Bb7 $1 26. Ra5 Rc7 27. Rxb5 Nd3 (27... Bd5 $14) 28. b3 Bc6 29. Rb6 Ba8
30. c4 Ra7 31. Rd6 Ra1+ 32. Kg2 Ne1+ {[#]} 33. Kh3 (33. Kh2 $1 $16) 33... Nd3
34. Rd7+ Ke8 35. Re7+ {[%mdl 64] Double Attack} Kd8 36. Rxe6 Nxf2+ 37. Kg2 Nxg4
38. Nf5 Re1 39. Rd6+ (39. Nxh6 $5 Nxh6 40. Rxf6 $14) 39... Kc7 40. Rd2 Bc6 41.
Kg3 $2 (41. Nf8 $11) 41... Nxe3 $19 42. Kf2 Rf1+ 43. Kxe3 Rxf5 {[%mdl 4096]
Endgame KRB-KRN} 44. b4 {[%cal Bb3b4,Bb4b5][%mdl 32]} Rf1 (44... Bb7 $19 {
Hoping for ...Rf3+.} 45. b5 Rf3+ 46. Kd4 g4) 45. b5 $11 Re1+ (45... Bb7 {
is more complex.} 46. Kd4 Rf5 47. Ne7 e3 48. Re2 Rf4+) 46. Kf2 {The position
is equal.} e3+ {[%mdl 64] [#] Double Attack} 47. Kxe1 exd2+ 48. Kxd2 {KB-KN}
Bf3 49. Ne7 Bxh5 {Threatens to win with ...Bf7.} 50. Nd5+ Kd6 51. Nxf6 Bg6 52.
Ke3 {Black should prevent Kd4.} Kc5 53. Nd7+ Kd6 54. Nf6 Kc5 55. Nd7+ Kd6 {
Never resign too early!  Weighted Error Value: White=0.25/Black=0.18} 1/2-1/2

[Event "3rd Dvoretsky Memorial 2021"]
[Site "Moscow"]
[Date "2021.02.10"]
[Round "5.3"]
[White "Murzin, Volodar"]
[Black "Grachev, Boris"]
[Result "0-1"]
[WhiteElo "2478"]
[BlackElo "2619"]
[Annotator "TA"]
[PlyCount "70"]
[EventDate "2021.02.10"]
[EventType "tourn"]
[EventCountry "RUS"]
[Tiebreak "Koya+Number of wins"]
[SourceTitle "playchess.com"]
[Source "ChessBase"]
[SourceQuality "1"]

{[%evp 12,70,34,14,12,7,13,2,10,13,28,23,13,-15,-12,-20,2,0,4,0,0,0,25,23,79,
79,88,84,119,105,151,143,191,169,197,41,41,44,46,55,58,64,72,45,67,-112,-113,
-145,-119,-181,0,0,0,-557,-537,-29992,-29993,-29993,-29994,-29994,-29995]} 1.
e4 c5 2. Nf3 e6 3. g3 Nc6 4. Bg2 Nf6 5. Qe2 d6 6. O-O Be7 7. c3 O-O {C00:
French: Unusual White 2nd moves.} 8. Rd1 d5 9. e5 Nd7 {The position is equal.}
10. d4 a5 11. a4 b6 12. Bf4 Ba6 {[#]} 13. Qd2 $146 ({Predecessor:} 13. Qe3 cxd4
14. cxd4 b5 15. axb5 Bxb5 16. Nc3 Ba6 17. Bg5 Rb8 18. Na4 Bb5 19. Bxe7 Qxe7 20.
Nc3 Ba6 21. Na4 Bb5 22. Nc3 Ba6 23. Na4 Bb5 24. Nc3 {1/2-1/2 (24) Sergeev,V 
(2411)-Milov,L (2475) Bregenz 2019}) 13... Rc8 14. h4 Qe8 15. Na3 cxd4 16. cxd4
Bb4 17. Qe3 Ne7 (17... Bxa3 $11 {keeps the balance.} 18. bxa3 Ne7) 18. Nb5 $16
Nf5 19. Qd3 h5 20. Rac1 Rxc1 21. Rxc1 Qb8 22. Ng5 {Strongly threatening Bxd5!}
g6 23. g4 $2 (23. Bh3 $18) 23... hxg4 $14 24. h5 $1 {[%cal Rh5g6] hxg6 is the
strong threat.} Be7 $1 {Hoping for ...Qd8.} ({Not} 24... gxh5 $2 25. Bxd5 $1
Qe8 26. Be4 $18) 25. hxg6 Bxg5 26. Bxg5 {Threatens to win with Bxd5!} fxg6 27.
Rc6 Qe8 {White must now prevent ...Nxe5!} 28. Qd2 $2 {[#]} (28. Rc7 $14 {
stays ahead.}) 28... Nxe5 $1 $17 {[%mdl 512]} 29. Rc7 Nc4 30. Qe2 (30. Qf4 $17)
30... Rf7 $2 (30... Bxb5 $19 31. axb5 Rf7 32. Rxf7 Kxf7 33. Qxg4 Nxb2) 31. Bxd5
$1 $11 {[%mdl 64] Double Attack} Nce3 $1 $36 {[%cal Re3d5][%mdl 2048] Black
has some pressure.} 32. Bc6 {[%mdl 8192] [#]} (32. Rxf7 $11 Kxf7 33. Bb3 Bxb5
34. axb5) 32... Rxc7 $1 $19 {[%mdl 64] Pin} 33. Bxe8 Rc1+ {Black mates.} 34.
Kh2 {[#]} Bb7 $1 {[%csl Gb7][%cal Rc1h1]} 35. d5 (35. Qe1 Rxe1) 35... Bxd5 {
[%csl Gd5][%cal Rc1h1] Black used his chance.  Weighted Error Value: White=0.
60/Black=0.14} 0-1

[Event "3rd Dvoretsky Memorial 2021"]
[Site "Moscow"]
[Date "2021.02.10"]
[Round "5.4"]
[White "Kobalia, Mikhail"]
[Black "Makarian, Rudik"]
[Result "1/2-1/2"]
[WhiteElo "2587"]
[BlackElo "2461"]
[Annotator "TA"]
[PlyCount "87"]
[EventDate "2021.02.10"]
[EventType "tourn"]
[EventCountry "RUS"]
[Tiebreak "Koya+Number of wins"]
[SourceTitle "playchess.com"]
[Source "ChessBase"]
[SourceQuality "1"]

{[%evp 11,87,9,8,1,16,11,6,14,7,0,7,0,0,0,0,0,0,-7,0,0,0,0,0,0,0,0,0,0,0,0,39,
40,42,45,44,45,58,43,43,43,89,89,77,40,42,32,61,37,37,35,40,41,40,37,37,26,27,
6,13,2,2,0,10,0,0,0,0,0,0,-28,-26,-36,0,0,0,0,0,0]} 1. e4 e5 2. Nf3 Nc6 3. Bb5
Nf6 4. d3 Bc5 5. O-O d6 6. c3 O-O 7. Ba4 {C65: Ruy Lopez: Berlin Defence (3...
Nf6), unusual lines and 4 0-0 Bc5.} Bb6 8. Bc2 Ne7 9. d4 Ng6 10. a4 {[#] And
now a5 would win.} a5 $146 ({Predecessor:} 10... c6 11. dxe5 dxe5 12. Qxd8 Rxd8
13. Nbd2 Nf4 14. Nc4 Ne2+ 15. Kh1 Nxc1 16. Nxb6 axb6 17. Raxc1 {1/2-1/2 (59)
Kobalia,M (2614)-Dominguez Perez,L (2758) chess.com INT 2020}) 11. dxe5 dxe5
12. Qxd8 Rxd8 13. Nbd2 Be6 14. Ng5 Bg4 15. h3 Be2 16. Re1 Ba6 17. Bb3 Rd7 18.
Nc4 Bxc4 19. Bxc4 h6 20. Nf3 Nh5 21. Kf1 Nhf4 22. Bxf4 Nxf4 23. Rad1 Rad8 24.
Rxd7 Rxd7 25. h4 ({Reject} 25. Nxe5 Rd2 $15) 25... h5 26. g3 ({But not} 26.
Nxe5 Rd2 $15) 26... Ng6 27. Ke2 Kf8 28. Rb1 f6 29. b4 axb4 30. cxb4 c6 31. a5
Ba7 32. Be6 Rc7 33. Rd1 Ke7 34. Bc4 (34. Bh3 {with more complications.} Nf8 35.
Ne1 g6 36. f3 Bd4 37. Nc2) 34... Nf8 35. Ne1 (35. Rc1 {is more complex.} Ne6
36. Bxe6 Kxe6 37. Nd2 Rd7 38. Nb3) 35... Rd7 36. Rxd7+ Kxd7 $11 {[%mdl 4096]
Endgame KBN-KBN} 37. Bf7 g6 38. Nc2 Ke7 39. Bc4 Ne6 40. b5 cxb5 41. Bxb5 Nd4+
42. Nxd4 {The position is equal.} Bxd4 43. a6 bxa6 44. Bxa6 {Weighted Error
Value: White=0.05/Black=0.06} 1/2-1/2

[Event "3rd Dvoretsky Memorial 2021"]
[Site "Moscow"]
[Date "2021.02.10"]
[Round "5.5"]
[White "Savchenko, Boris"]
[Black "Vitiugov, Nikita"]
[Result "0-1"]
[WhiteElo "2552"]
[BlackElo "2715"]
[Annotator "TA"]
[PlyCount "103"]
[EventDate "2021.02.10"]
[EventType "tourn"]
[EventCountry "RUS"]
[Tiebreak "Koya+Number of wins"]
[SourceTitle "playchess.com"]
[Source "ChessBase"]
[SourceQuality "1"]

{[%evp 11,103,29,31,29,59,43,37,15,80,80,86,102,81,86,89,47,52,-41,35,39,37,0,
98,66,70,0,0,0,0,0,0,-150,-152,-176,-135,-164,-165,-143,-149,-143,-133,-131,
-124,-257,-257,-253,-260,-232,-197,-195,-163,-414,-150,-168,-175,-247,-256,
-274,-258,-249,-151,-247,-190,-391,-382,-521,-231,-197,-183,-200,-169,-156,
-141,-238,-106,-410,-241,-233,-224,-354,-326,-636,-644,-584,-587,-573,-572,
-568,-552,-29960,-29959,-9345,-6403,-29991]} 1. e4 c5 2. Nf3 e6 3. d4 cxd4 4.
Nxd4 a6 5. c4 Nf6 6. Nc3 Bb4 7. Qd3 {B41: Sicilian: Kan Variation: 5 c4.} d6 {
7...0-0 is the modern continuation.} 8. Nc2 Bxc3+ 9. bxc3 {White is slightly
better.} Nbd7 (9... O-O $11) 10. Qxd6 $16 Nxe4 {[%mdl 64] Double Attack} 11.
Qd4 {[%csl LRe4,LRg7]} Nef6 12. Ba3 {[#]} b6 $146 ({Predecessor:} 12... e5 13.
Qe3 Ng4 14. Qe2 f5 15. h3 Ngf6 16. O-O-O Ne4 17. Rd5 Qf6 18. Qe3 b6 {0-1 (66)
Ghukasyan,S (2207)-Serikbay,A (2135) Tarvisio 2017}) 13. O-O-O Bb7 14. Qe3 (14.
Bd6 $14) 14... Qc7 ({Better is} 14... Ne4 $1 $15) 15. Bd6 $1 $14 {[%cal Rd6c7]}
Qc6 16. f3 Nc5 (16... O-O-O $1 $11) 17. Nb4 Qa4 18. Bxc5 (18. Nd3 $1 $14) 18...
bxc5 $11 19. Qxc5 Qa3+ 20. Kb1 Rc8 21. Qb6 {[#]} ({White should play} 21. Qd6
$1 $11 Qxc3 22. Be2 (22. Nxa6 $2 Bxa6 23. Be2 Qa5 $19)) 21... O-O $1 $17 {
White must now prevent ...Bxf3!} 22. Nc2 (22. Qxb7 $2 Rb8 $19) 22... Qxc3 23.
Qb2 {[#]} (23. Qxb7 $2 Rb8 $19) 23... Qa5 (23... Qxb2+ $6 24. Kxb2 Rb8 25. Kc3
$11) 24. Ka1 (24. Qxb7 $2 Rb8 $19) 24... Bc6 25. Qb4 Qe5+ 26. Qb2 Qc7 27. Be2 (
27. Nb4 $17) 27... Ba4 $19 {And now ...Rb8 would win.} 28. Rd2 {[#]} Rb8 {
[%cal Rb8b2]} 29. Qa3 Qe5+ 30. Nd4 {[#]} Rfd8 $1 31. Rb1 $2 {[#]} (31. Qc3)
31... Rbc8 $1 32. Qb2 (32. Qc3 Qxh2) 32... Qxh2 33. c5 (33. g4 $142 Qc7 34. Qb4
) 33... Rb8 (33... Rxc5 34. Qb4 $11) 34. Qc1 Rxb1+ (34... Qxg2 35. Rxb8 Rxb8
36. Bb5 $16) 35. Kxb1 Rb8+ 36. Ka1 (36. Rb2 $17 {is a better defense.}) 36...
Nd5 ({Weaker is} 36... Qxg2 37. Bb5 $16) 37. Bxa6 $2 (37. Bc4) 37... Qe5 38.
Bc4 {and the idea Bxd5 leaves White hopeful.} Ne3 (38... Rb4 $142 39. Bxd5 Rxd4
40. Rxd4 Qxd4+ 41. Qb2 Qg1+ 42. Qb1 Qxb1+ 43. Kxb1 exd5) 39. Bb3 Bxb3 40. axb3
Nd5 {Hoping for ...Rxb3.} 41. Kb1 Rb4 42. Qb2 (42. Nc6 $17 {was worth a try.}
Rxb3+ 43. Ka2) 42... Qe1+ (42... Qe3 $19 {and Black stays clearly on top.
Threatens to win with ...h6.} 43. c6 h5) 43. Kc2 $2 {[%mdl 8192]} (43. Qc1 $17
Qe3 44. Ra2 Qd3+ 45. Qc2 Nc3+ {[%mdl 64] Double Attack} 46. Kb2 Qxc2+ 47. Nxc2
Nxa2 48. Kxa2) 43... Rb8 (43... Ne3+ $142 44. Kd3 Nf1) 44. Nc6 Rc8 45. Qa3 (45.
Qa2 {was necessary.}) 45... h6 ({Don't take} 45... Ne3+ 46. Kd3 $19) 46. Qa6 $2
{[#]} (46. Qa4) 46... Rxc6 $1 {[%mdl 576] Double Attack} 47. Qa8+ Kh7 48. Rxd5
Qe2+ {[%mdl 64] Double Attack} 49. Kc3 Ra6 50. Qe8 Qe1+ 51. Rd2 Ra2 52. Kd4 {
Weighted Error Value: White=0.71/Black=0.34} 0-1

[Event "3rd Dvoretsky Memorial 2021"]
[Site "Moscow"]
[Date "2021.02.11"]
[Round "6.1"]
[White "Zvjaginsev, Vadim"]
[Black "Vitiugov, Nikita"]
[Result "1/2-1/2"]
[WhiteElo "2614"]
[BlackElo "2715"]
[Annotator "TA"]
[PlyCount "106"]
[EventDate "2021.02.10"]
[EventType "tourn"]
[EventCountry "RUS"]
[Tiebreak "Koya+Number of wins"]
[SourceTitle "playchess.com"]
[Source "ChessBase"]
[SourceQuality "1"]

{[%evp 9,106,13,26,11,6,13,16,0,5,0,16,0,0,0,0,0,0,0,7,-16,22,20,24,31,122,121,
125,78,79,89,106,106,137,137,157,150,163,143,170,163,193,166,197,199,186,117,
195,117,242,241,258,239,257,250,254,250,237,183,219,225,210,168,176,18,18,18,
18,8,8,8,8,8,8,8,31,8,8,8,8,8,8,0,0,0,0,0,0,0,0,0,0,0,0,0,0,-8,-8,-8,-8]} 1. e4
c5 2. Nf3 d6 3. d4 cxd4 4. Qxd4 Nf6 5. Be2 Nc6 6. Qe3 {B53: Sicilian: 2...d6:
Lines with Qxd4.} g6 7. O-O Bg7 8. h3 O-O 9. Rd1 Be6 10. c4 Nd7 11. Nc3 {
[%cal Bb1c3,Bc3d5,Bd5e7,Be7c6][%mdl 32]} Qb6 12. Nd5 Qxe3 13. Bxe3 {[#]} Nc5
$146 ({Predecessor:} 13... b6 14. Rab1 Nc5 15. Ng5 Rac8 16. b4 Na4 17. c5 Bxd5
18. exd5 Nc3 19. dxc6 Nxe2+ {0-1 (33) Garcia Ramos,D (2362)-Jimenez Ruano,A 
(2292) Barcelona 2020}) 14. e5 Nxe5 15. Nxe7+ Kh8 16. Rxd6 b6 (16... Na4 $14)
17. Nxe5 $16 Bxe5 18. Bd4 Bxd4 19. Rxd4 Rae8 20. Nc6 Bxh3 21. Bf3 Bf5 22. Nxa7
Nd3 23. b3 Ne1 {[#] With the idea ...Nc2.} 24. Bd1 Rd8 25. Nc6 Rxd4 26. Nxd4
Be4 27. Bf3 ({Better is} 27. f3 $18 Rd8 {[#]} 28. Kf2 $1 (28. fxe4 Rxd4 29. c5
bxc5 $16) 28... Rxd4 29. Kxe1) 27... Bxf3 (27... Nxf3+ $16 {was worth a try.}
28. Nxf3 (28. gxf3 Ba8 $14) 28... Bxf3) 28. Nxf3 {[%mdl 4096] Endgame KRN-KRN}
({But not} 28. gxf3 $6 Rd8 $16) (28. Rxe1 $18 Bg4 29. Nc6) 28... Nc2 (28...
Nxf3+ $16 29. gxf3 Rd8) 29. Rd1 $18 Kg7 30. Rd2 Nb4 31. a3 Nc6 32. Rd6 Rc8 33.
b4 Ne7 34. Ne5 ({Don't do} 34. Rxb6 $6 Rxc4 35. Rb7 Kf6 $16) 34... f6 {[#]} 35.
Re6 Nf5 (35... fxe5 36. Rxe7+) 36. Rc6 $2 Rxc6 $11 37. Nxc6 {Threatens to win
with Na7. KN-KN} Nd6 $1 38. a4 {Black must now prevent a5.} Nxc4 39. a5 bxa5
40. bxa5 Kf7 $1 41. a6 Nb6 (41... Ke6 {keeps more tension.} 42. Kh2 Kd6 43. a7
Nb6 44. Na5 Kc5) 42. a7 Ke6 {The position is equal.} 43. Kh2 Kd6 44. Na5 {
Nc4+! is the strong threat.} Kc5 45. Nb7+ Kc6 46. Nd8+ Kc7 47. Ne6+ Kb7 48. Nf8
Kxa7 49. Nxh7 Nd7 50. Kg3 Kb6 51. Kf4 Kc6 52. Nxf6 {[%mdl 64] Remove Defender}
Nxf6 53. Kg5 {[%mdl 64] Double Attack} Ne4+ {Black defended with fortune. 
Weighted Error Value: White=0.17/Black=0.16} 1/2-1/2